[Event "RUS-ch"]
[Site "Elista"]
[Date "1995.??.??"]
[Round "3"]
[White "Sveshnikov, Evgeny"]
[Black "Rustemov, Alexander"]
[Result "1-0"]
[WhiteElo "2580"]
[BlackElo "2475"]
[Annotator "Blatny,P"]
[PlyCount "57"]
[EventDate "1995.10.??"]
[EventType "swiss"]
[EventRounds "11"]
[EventCountry "RUS"]
[SourceTitle "CBM 050"]
[Source "ChessBase"]
[SourceDate "1996.02.01"]
[SourceVersion "1"]
[SourceVersionDate "1996.02.01"]
[SourceQuality "1"]

1. e4 {Rustemov Giese} c5 2. c3 d6 3. d4 Nf6 4. Bd3 g6 5. Ne2 $5 (5. Nf3 Bg4 6.
Nbd2 Bg7 7. h3 Bxf3 8. Nxf3 O-O 9. O-O Nfd7 10. Be3 Nc6 11. Qd2 Rb8 12. Rad1 b5
13. dxc5 Nxc5 14. Bxc5 dxc5 15. Qe3 Qb6 16. Be2 b4 $132 {Rahl,V-Fiedler,B/
CSR-chT ;TD 92\10 1992}) (5. h3 {/\Nf3}) (5. h3 {Rustemov} Bg7 6. Nf3 O-O 7.
O-O Nbd7 8. Re1 (8. Be3 $5 $14) 8... cxd4 9. cxd4 e5 10. Be3 exd4 11. Bxd4 $1
Nc5 12. Nc3 Nxd3 13. Qxd3 b6 14. Nd5 Bb7 $14 {Rausis,I-Bernard,R/Raris/1994/})
5... Bg7 6. O-O (6. f3 O-O 7. Be3 cxd4 8. Nxd4 (8. cxd4 $142) 8... Nc6 9. Nd2
e5 10. Ne2 d5 11. Bc5 Re8 12. O-O Nd7 13. Bf2 Nf8 14. exd5 Qxd5 15. Bc4 Qd8 16.
Ne4 Be6 17. Bxe6 Nxe6 18. Qxd8 Rexd8 19. Rfd1 f5 20. Nc5 Nxc5 21. Bxc5 Kf7 $15
{K in _|_ Schuchardt,G-Richter,S/Kassel op (05) ;GER 08 1994}) 6... O-O 7. f3 (
7. h3 Nbd7 8. Be3 Qc7 9. Nd2 Rb8 10. a4 a6 11. a5 $14 b5 $2 12. axb6 Nxb6 13.
dxc5 dxc5 14. Bxa6 Rd8 15. Qc2 Qc6 16. Bxc8 Rbxc8 17. Ra5 $16 {Kisova,P-Van
Hecke,M/WchW stud Antwerpen (04) ;TD 92\07 1992}) 7... Nbd7 (7... Qc7 8. Be3 a6
9. a4 b6 10. Nd2 Nbd7 11. Qe1 Rb8 12. Qh4 b5 13. axb5 axb5 14. Bh6 b4 15. f4
bxc3 16. bxc3 Rb2 17. Nc4 Rb3 18. Bc2 Rxc3 $1 19. Nxc3 cxd4 $17 {Liedtke,
M-Kalinichev,S/Dresden op ;TD 93\06 1993}) (7... Nc6 $5 {Rustemov} 8. Be3 (8.
d5 $6 Ne5 {/\e6<=>/}) 8... cxd4 9. cxd4 Nb4 10. Nbc3 (10. Bb5 $32) 10... Nxd3
11. Qxd3 Bd7 $10) 8. Be3 a6 (8... Qc7 9. Nd2 Rb8 10. a4 b6 11. b4 e5 12. d5 Nh5
13. Rc1 f5 14. Nc4 Ndf6 15. Qd2 Bd7 16. bxc5 bxc5 17. Bc2 Rf7 18. Rb1 Rbf8 $36
{Lein,A-Benjamin,J/St.Martin op (03) ;TD 93\03 1993}) (8... e5 9. d5 Kh8 10.
Nd2 Ng8 11. Nc4 Nb6 12. b4 Nxc4 13. Bxc4 b6 14. Qd2 f5 15. bxc5 f4 16. Bf2 bxc5
17. Rab1 g5 18. Bb5 Rb8 19. Bc6 Rxb1 20. Rxb1 g4 $132 {Dolgener,T-Szalanczy,E/
Budapest ExpFS AprGM (10) ;EXP 36 1993}) (8... b6 $5 9. a4 Qc7 10. Nd2 e5 $5
11. dxe5 dxe5 12. a5 Rb8 13. axb6 axb6 $14) 9. a4 cxd4 (9... b6 10. b4 Qc7 11.
Nd2 Bb7 12. Qb3 $16) 10. cxd4 e5 (10... b6 11. Nbc3 Bb7 $14) 11. Nbc3 (11. d5 {
/\<->c}) (11. d5 Nh5 {/\f5<=>/}) 11... exd4 (11... d5 $6 12. exd5 exd4 13. Bxd4
$1 Nb6 14. Be4 $1 $16) 12. Bxd4 (12. Nxd4 d5 13. exd5 Nb6 $132) 12... Ne5 (
12... d5 13. e5 $40) (12... Nc5 $5) 13. Nf4 $1 {[+]><d5} (13. Bc2 Be6 $132)
13... Bh6 (13... Be6 $142) (13... g5 $6 14. Nfd5 $2 (14. Nfe2 $1 $16) 14...
Nxd5 15. Nxd5 Nxf3+ $15) 14. Nfd5 {/\Bb6} Nxd5 $8 15. Nxd5 $16 Be6 (15... Bg7
16. Bb6 Qd7 17. Be2 $16) 16. Bb6 {/\Ne7,Nf6} Qh4 $8 17. g3 Qh3 $8 18. Be2 {
<->d,><d5,/\f4,Bg4} Bxd5 19. Qxd5 {^^} Rac8 (19... Qe6 $32 20. Rfd1 $16) 20. f4
Rc6 (20... Rc2 21. Rf2 {/\Bf1} (21. Qd1 $2 Ng4) (21. Rf2 $1 Nd7 22. Bd4 $18))
21. fxe5 Rxb6 22. Rxf7 $1 {[%cal Gd5g8]} Rxf7 23. Bc4 $18 Kh8 (23... Be3+ 24.
Kh1 Qd7 25. e6 $18) (23... Qd7 {Giese} 24. e6 Qe7 25. exf7+ $18) 24. Qxf7 {
[%cal Yf7g8]} Qc8 (24... d5 25. Qe8+ Kg7 26. Qe7+ Kh8 27. Qd8+ Kg7 28. Qxb6 $18
) 25. Rd1 {[%cal Gd1d8]} (25. e6 $2 Qc5+ 26. Kh1 Qxc4 27. Qf6+ Kg8 28. Re1 {
[%csl Rb6][%cal Yf6d8]} Qb4 $132) 25... d5 (25... Rxb2 26. exd6 Be3+ 27. Kh1
$18) (25... Rc6 26. exd6 Rxc4 27. d7 $18) (25... dxe5 {Giese} 26. Rd7 $18) 26.
Qxd5 (26. Rxd5 $18) 26... Be3+ 27. Kh1 Rxb2 28. e6 Qc5 (28... Kg7 29. e7 Rf2
30. Qe5+ Kh6 31. Qe6 $18) 29. e7 {[%cal Yd5g8,Ye7e8]} 1-0

[Event "Lippstadt"]
[Site "Lippstadt"]
[Date "1994.??.??"]
[Round "7"]
[White "Hickl, Joerg"]
[Black "Gostisa, Leon F"]
[Result "1-0"]
[WhiteElo "2535"]
[BlackElo "2410"]
[Annotator "Blatny,P"]
[PlyCount "63"]
[EventDate "1994.06.??"]
[EventType "tourn"]
[EventRounds "11"]
[EventCountry "GER"]
[EventCategory "8"]
[SourceTitle "CBM 043"]
[Source "ChessBase"]
[SourceDate "1994.12.01"]
[SourceVersion "1"]
[SourceVersionDate "1994.12.01"]
[SourceQuality "1"]

1. e4 c5 2. c3 d6 3. d4 Nf6 4. Bd3 g6 $6 (4... cxd4 $142 5. cxd4 g6 6. h3 $1
Bg7 7. Nf3 $14) (4... e5) 5. h3 $5 (5. dxc5 $1 dxc5 6. e5 Nfd7 (6... Ng4 $2 7.
Bb5+ $1 Nc6 (7... Bd7 $2 8. e6 $1 $18) 8. Bxc6+ bxc6 9. Qxd8+ Kxd8 10. f4 $16)
7. e6 $1 fxe6 8. Nf3 Bg7 9. Qe2 O-O 10. h4 $1 $40 {David,P-Salai,L/CZE-ch/1990/
}) 5... Bg7 6. Nf3 O-O 7. O-O (7. Be3 Nbd7 8. O-O Qc7 9. Nbd2 b6 10. Qe2 e5 11.
Rfd1 a6 12. dxe5 dxe5 13. Nf1 Bb7 14. Ng3 b5 15. b3 Bc6 16. Rd2 Rfe8 17. Rad1
Qb7 18. Bc2 $14 {<->d,->>> Blatny,P-Damljanovic,B/Gijon/1988/}) 7... Qc7 8. Re1
a6 $6 (8... e5 $142) 9. e5 $1 Nd5 10. Be4 Nb6 11. Bf4 $14 d5 12. Bd3 Be6 13.
Nbd2 Nc6 14. Qe2 Na4 15. Rab1 cxd4 16. Nxd4 Nxd4 17. cxd4 Rac8 18. Nf1 Qb6 19.
Be3 Bd7 20. h4 $1 Bb5 21. h5 Bxd3 22. Qxd3 gxh5 $2 (22... Qb5 $142 23. Qxb5
axb5 24. h6 Bh8 25. Rec1 $1 $14 {ץh8 _|_}) 23. Qa3 $1 Qc6 24. Qxe7 Rfe8 25.
Qh4 $16 Qg6 26. Ng3 Rc2 27. Nxh5 Nxb2 28. Rec1 Rxc1+ 29. Rxc1 Nc4 30. Bg5 {
/\Rc3-g3+-;/\31.Bf6 Bf8 32.Nf4,33.Qg3+ +-} Re6 $2 (30... h6 $142) 31. Nf4 $18
Qe4 32. Nxe6 (32. Nxe6 Qxh4 33. Bxh4 fxe6 34. a4 $1 {/\Rb1+-}) 1-0

[Event "CZE-ch"]
[Site "Zlin"]
[Date "1997.06.18"]
[Round "7"]
[White "Blatny, Pavel"]
[Black "Jansa, Vlastimil"]
[Result "1/2-1/2"]
[WhiteElo "2540"]
[BlackElo "2490"]
[Annotator "Blatny,P"]
[PlyCount "122"]
[EventDate "1997.06.12"]
[EventType "tourn"]
[EventRounds "11"]
[EventCountry "CZE"]
[EventCategory "10"]
[SourceTitle "CBM 061"]
[Source "ChessBase"]
[SourceDate "1997.11.23"]
[SourceVersion "1"]
[SourceVersionDate "1997.11.23"]
[SourceQuality "1"]

1. e4 d6 2. d4 Nf6 3. f3 e5 4. dxe5 dxe5 5. Qxd8+ Kxd8 6. Bc4 Ke8 7. Be3 Nbd7
8. Nd2 Bc5 9. Bg5 $6 (9. Bxc5 Nxc5 10. b4 Ne6 11. Ne2 a5 12. bxa5 Rxa5 13. Nb3
Ra3 14. Nec1 Ke7 15. Nd3 Nd7 $11 {1/2-1/2 Czebe,A-De Santis,A/Budapest FS04 IM
1997/EXP 57 (20)}) 9... h6 10. Bh4 Nh5 $1 (10... Be7 $6 11. Bf2 Bc5 12. Nh3 $1
Bxf2+ 13. Nxf2 $14 Ke7 14. O-O-O Nc5 $6 15. b4 Na4 16. Bb3 Nc3 17. Rde1 Be6 18.
Kb2 Nb5 19. Nd3 Nd7 20. Bxe6 Kxe6 21. a4 Nd6 22. c4 $1 b6 23. c5 bxc5 24. bxc5
Nb7 25. Nb3 $16 {_|_ Kramnik,V-Speelman,J/Biel izt 1993/CBM 37/[Stohl]/1-0 (54)
}) 11. Ne2 (11. Bf2 $5) 11... Nf4 12. Nxf4 exf4 13. Nb3 $6 (13. O-O-O Ne5)
13... Be3 14. Rd1 g5 15. Bf2 Bxf2+ 16. Kxf2 Ne5 $15 17. Be2 Be6 18. Nc5 Ke7 19.
h4 $5 b6 20. Nd3 $1 (20. Nxe6 Kxe6 $17 {[%csl Re2,Ge5]}) 20... Kf6 $1 21. b3
Rad8 22. Nxe5 Kxe5 23. hxg5 hxg5 24. Rxh8 Rxh8 25. Bc4 $1 Bxc4 $6 (25... g4
$142 $1 26. fxg4 (26. Bxe6 g3+ $17) 26... Bxg4 $15) 26. bxc4 Ke6 $8 27. c5 $1
Ke7 28. Ke2 (28. c6 $2 Rd8 $17) 28... Rh2 29. Kf2 Rh8 30. Rd3 $6 (30. Ke2 Rh2
31. Kf2 Rh6 $5 32. Rd5 b5 $5 33. a3 $1 (33. Rxg5 $140 $2 Ra6 $36) 33... Ra6 34.
Rd3 $11) 30... f6 (30... Rh1 $142 $5 31. c6 (31. Ke2 $2 Rg1 32. Kf2 Rc1) (31.
Rc3 Kd7 32. cxb6 axb6 (32... cxb6 33. a4 {/\Rc4=}) 33. a4 Ra1 34. Rc4 c5 $17 {
[%csl Ga1,Rc4][%cal Rd7c6,Rb6b5,Rc6b5,Rb5c4]}) 31... Rc1 $1 32. Rd2 $1 Ke6 33.
g3 $5 $132) 31. Ra3 a5 32. Rb3 (32. cxb6 $142 cxb6 33. Rb3 Rc8 34. c3 Rc6 35.
Ke2 $11) 32... bxc5 33. Rb5 Kd6 34. Rxa5 Rb8 $1 35. Ra6+ $1 c6 (35... Ke5 36.
Rc6 $1) 36. Ra4 $1 Rb2 37. Rc4 $1 Rxa2 38. g3 $1 Ra1 39. gxf4 gxf4 40. Ke2 $11
{[%csl Rc5,Rc6,Rf4,Rf6]} Ra3 41. Kf2 Ra1 42. Ke2 Rh1 43. Rc3 Rg1 44. Kd2 Rh1
45. Ke2 Rh3 46. Kf2 Rh2+ 47. Ke1 Rg2 48. Rc4 Rg1+ 49. Ke2 Rb1 50. Kd2 Rb5 51.
Kd3 Ra5 52. Kd2 Ke5 53. Ke2 Rb5 54. Kd2 f5 55. exf5 Kxf5 56. Ke2 Ra5 57. Kf2
Ke5 58. Re4+ Kf5 (58... Kd5 $2 59. c4+ Kd6 60. Rxf4 $16) 59. Rc4 Kg5 60. Kg2
Rb5 61. Kh3 Kf5 1/2-1/2

[Event "Maribor Pirc Memorial"]
[Site "Maribor"]
[Date "1994.??.??"]
[Round "1"]
[White "Sermek, Drazen"]
[Black "Cebalo, Miso"]
[Result "1-0"]
[WhiteElo "2520"]
[BlackElo "2520"]
[Annotator "Blatny,P"]
[PlyCount "68"]
[EventDate "1994.02.??"]
[EventType "tourn"]
[EventRounds "11"]
[EventCountry "SLO"]
[EventCategory "9"]
[SourceTitle "CBM 040"]
[Source "ChessBase"]
[SourceDate "1994.06.01"]
[SourceVersion "1"]
[SourceVersionDate "1994.06.01"]
[SourceQuality "1"]

1. e4 c5 2. c3 d6 3. d4 Nf6 4. Bd3 g6 (4... Nbd7 $14) 5. dxc5 dxc5 6. e5 Nd5 (
6... Nfd7 7. Qe2 Bg7 8. Nf3 {+/=/=} (8. e6 fxe6 9. Qxe6 Ne5 10. Bb5+ Nbc6 $132)
) 7. Be4 Nc7 (7... e6 {><e7-f6-g7-h6}) (7... Be6 $2 8. c4 $18) 8. Qxd8+ Kxd8 {
()} 9. Be3 Ne6 10. Na3 Kc7 11. Nb5+ Kb6 12. a4 Bd7 13. c4 (13. b4 Bxb5 (13...
Bc6 $14) 14. bxc5+ Nxc5 15. Bxc5+ Kxc5 16. axb5 Kb6 17. f4 Bg7 {/\Nd7-c5})
13... Nc6 14. Nf3 (14. f4 $14) 14... Bg7 15. Nc3 (15. O-O-O Nxe5 16. Nxe5 Bxb5
17. Nd7+ Bxd7 18. Rxd7 {+/=/+/- <->7}) 15... Nxe5 16. Nd5+ Ka6 17. Nxe5 (17.
Ng5 Rac8 18. Nxe6 Bxe6 19. Nxe7 Rc7 20. Nd5 $13) 17... Bxe5 18. f4 (18. Ra2 $5)
18... f5 (18... Bxb2 19. Rb1 Bg7 20. Nxe7 Rab8 $15) 19. fxe5 (19. Bxf5 Bd6 (
19... gxf5 20. fxe5 $14) 20. Be4 $10) 19... fxe4 20. O-O (20. a5 {/\קc5,קe7}
b5 21. axb6+ Kb7 22. Rxa7+ Rxa7 23. bxa7 Ra8 24. Nxe7 Rxa7 25. Kf2 Ra2 26. Rb1
{+/-/+/=}) 20... Rhf8 21. Rfd1 Rad8 $2 (21... b6 $142 22. Nxb6 $1 (22. a5 bxa5
23. b4 a4 $132) 22... axb6 23. Rxd7 $14 Rf5 $140 $2 24. Rxe7 Rxe5 25. a5 $1
bxa5 26. Bd2 {/\Bc3+-}) 22. a5 $1 {/\b4-b5} b6 23. axb6+ Kb7 24. Rxa7+ $18 Kb8
25. Nxe7 Nd4 26. Bxd4 Be8 27. Rda1 Rxd4 28. Ra8+ Kb7 29. R1a7+ Kxb6 30. Nd5+
Rxd5 31. cxd5 e3 32. Ra1 Kb7 33. d6 e2 34. Rd8 Kc6 1-0

[Event "Interzonal-14a"]
[Site "Subotica"]
[Date "1987.??.??"]
[Round "17"]
[White "Popovic, Petar"]
[Black "Chernin, Alexander"]
[Result "0-1"]
[WhiteElo "2540"]
[BlackElo "2570"]
[Annotator "Blatny,P"]
[PlyCount "124"]
[EventDate "1987.06.??"]
[EventType "tourn"]
[EventRounds "17"]
[EventCountry "YUG"]
[EventCategory "11"]
[SourceTitle "CBM 003"]
[Source "ChessBase"]
[SourceDate "1988.04.01"]
[SourceVersion "1"]
[SourceVersionDate "1988.04.01"]
[SourceQuality "1"]

1. e4 g6 2. d4 Bg7 3. Nc3 d6 4. g3 Nf6 5. Bg2 O-O 6. Nge2 e5 7. h3 c6 8. Be3 $5
b5 (8... Nbd7 9. a4 $14) 9. O-O b4 (9... Re8 10. dxe5 dxe5 11. Qxd8 Rxd8 12.
Rfd1 Re8 13. Nc1 $1 $16) (9... Nbd7 10. d5 $1 cxd5 (10... b4 11. dxc6 bxc3 12.
cxd7 cxb2 13. dxc8=Q bxa1=Q 14. Qxd8 Qxd1 15. Qxf8+ $18) 11. Nxd5 Bb7 12. Nec3
Nxd5 13. Nxd5 {/\ a4+/=}) (9... Bb7 $5) 10. dxe5 (10. Na4) 10... dxe5 11. Na4
Ba6 12. Re1 (12. Qxd8 Rxd8 13. Rfe1 (13. Rfd1 $6 Rxd1+ 14. Rxd1 Bxe2 15. Rd8+
Bf8 16. Bh6 Nfd7 17. Nc5 Na6 $1 18. Rxa8 Naxc5) 13... Bb5 (13... Nbd7 14. a3
bxa3 15. Rxa3 Bf8 16. Raa1 $14) 14. Nc5 Bf8 $1 15. Nc1 (15. a3 bxa3 16. Rxa3
Na6 $1 17. Rxa6 Bxc5) 15... Nbd7 16. N1b3 Nxc5 17. Nxc5 Nd7 $10) 12... Bb5 13.
Nc5 Nfd7 14. c3 $6 (14. a4 $2 bxa3 15. Rxa3 Nxc5 16. Qxd8 Rxd8 17. Bxc5 Na6 $36
) (14. Nxd7 $1 Nxd7 15. a3 $1 bxa3 16. Rxa3 Qc7 $14) 14... a5 15. Qc2 Re8 (
15... Qc7 16. c4 $1 Ba6 17. a3) 16. Red1 (16. c4 Ba6 17. a3 bxa3 18. Rxa3 Bf8
$17) 16... Qc7 17. c4 Ba6 18. Na4 Bf8 19. Rd2 c5 20. Rad1 Nb6 21. Nxb6 Qxb6 22.
b3 Nc6 23. Nc1 Bb7 (23... Bc8 $142) 24. Nd3 Rad8 25. Nb2 Rxd2 26. Rxd2 Nd4 (
26... Qc7 $142 27. Nd3 Nd8 {/\ Ne6}) 27. Bxd4 cxd4 (27... exd4 $142) 28. Re2 h5
29. h4 Qf6 30. Nd3 Bc6 31. Re1 Bd7 32. Kh2 Bd6 33. Qd2 Kg7 34. Rc1 Bc6 35. Ra1
Rb8 36. Re1 Qe7 37. Kg1 Bd7 38. Kh2 Bc6 39. Kg1 Bd7 40. Qc1 f6 $6 (40... Rc8
$142 $10) 41. f4 Bg4 42. Qd2 Re8 43. Qf2 a4 44. Rc1 Bc5 45. Kh2 Ra8 46. Rf1 Ra7
47. f5 $6 (47. Bh3 $6 Bxh3 48. Kxh3 exf4 $1 49. gxf4 $2 Qxe4 50. Nxc5 Qf5+ $19)
(47. fxe5 fxe5 48. Bh3 $10) 47... gxf5 48. exf5 axb3 49. axb3 Ra3 $36 (49... e4
50. Bxe4 Qxe4 51. Nxc5 Qe3 52. Ne6+ {/\ Nd4+/-}) 50. Qc2 Qa7 $1 51. Rf2 Ra1 $1
52. Be4 (52. Nxe5 d3 $1 $19) 52... Bd1 53. Qb2 (53. Qd2 Bxb3 54. Nxe5 Ra2)
53... Ra3 54. Qd2 (54. Nc1 d3 $17) 54... Bxb3 55. Qe2 Bxc4 56. Qxh5 Bf7 57.
Qg4+ Kh8 $1 (57... Kf8 58. h5) 58. Qf3 Bd6 59. g4 Bc4 $1 60. g5 $2 (60. Kg2 Qh7
$17) 60... Rxd3 $1 $19 61. Qh5+ Qh7 62. Qe8+ Bg8 (62... Bg8 63. Bxd3 e4+) (
62... Bg8 63. Kg2 Qf7 64. Qxf7 Bxf7 65. Bxd3 Bd5+ 66. Kf1 e4) 0-1

[Event "EU-chT (Men) 12th"]
[Site "Batumi"]
[Date "1999.12.03"]
[Round "5.4"]
[White "Dizdarevic, Emir"]
[Black "Gelashvili, Tamaz"]
[Result "1-0"]
[WhiteElo "2527"]
[BlackElo "2531"]
[Annotator "Blatny,P"]
[PlyCount "99"]
[EventDate "1999.11.06"]
[EventType "team-swiss"]
[EventRounds "9"]
[EventCountry "GEO"]
[SourceTitle "CBM 074"]
[Source "ChessBase"]
[SourceDate "2000.02.01"]
[SourceVersion "1"]
[SourceVersionDate "2000.02.01"]
[SourceQuality "1"]
[WhiteTeam "Bosnia&Herzegovina"]
[BlackTeam "Georgia"]
[WhiteTeamCountry "BIH"]
[BlackTeamCountry "GEO"]

1. Nf3 d6 2. d4 Nd7 3. e4 e5 4. c3 Ngf6 5. Bd3 (5. Qc2 Be7 6. Bd3 O-O 7. O-O
Kh8 8. Nbd2 Ng8 {[%csl Rg8,Rh8] Treybal,K-John,W/Duesseldorf 1908/EXT 98/0-1 
(113)}) 5... Be7 (5... g6 6. Bg5 Bg7 7. Qd2 h6 8. dxe5 dxe5 9. Bh4 O-O 10. b4
g5 11. Bg3 Nh5 12. O-O Nf4 13. Bxf4 exf4 14. Re1 c5 15. b5 g4 $40 {0-1 Nagy,
H-Kotan,L/Miskolc 1999/EXT 2000 (29)}) (5... c6 6. dxe5 dxe5 7. Bg5 Be7 8. Nbd2
Nc5 9. Bc2 Bg4 10. Qe2 Ne6 11. Be3 Qc7 12. h3 $14 {0-1 Bakocevic,N-Spajic,L/
JUG-chT2 1994/EXT 97 (47)}) 6. O-O (6. Nbd2 O-O 7. Qe2 Re8 8. Nf1 Bf8 9. Ng3 h6
10. O-O g6 11. Bd2 Bg7 12. Rad1 c6 13. Bc1 Qc7 14. dxe5 dxe5 15. Be3 b6 16. h3
Kh7 17. Nh4 $14 {1/2-1/2 Mortimer,J-Billecard,M/Ostende 1907/HCL (51)}) 6...
O-O 7. Re1 (7. Nbd2 Re8 8. Qb3 h6 9. Nc4 Bf8 10. Re1 c6 11. dxe5 dxe5 12. Be3
b5 13. Na3 Nc5 $15 {0-1 Kamal,M-Barakat,K/Doha 1992/EXT 97 (51)}) 7... h6 (7...
c6 8. Nbd2 Qc7 9. Nf1 Re8 10. h3 Nf8 11. Ng3 Ng6 12. a4 $14 {1-0 Kozlovskaya,
V-Krestianova,T/Elista 1996/EXT 2000 (36)}) 8. Nbd2 Nh7 (8... exd4 9. cxd4 c5
$6) 9. a4 a5 10. dxe5 (10. b3 Bf6 $11) 10... Nxe5 11. Nxe5 dxe5 12. Nc4 Bf6 13.
b4 (13. b3 $5 {[%cal Gc1a3,Ga3f8,Gc4b6,Gc4d6,Gd1d8]}) 13... axb4 14. cxb4 b5 $5
15. Na5 bxa4 16. Rxa4 Qd7 17. Bc4 Ng5 18. Bd5 Ra6 19. b5 Qxb5 (19... Rb6 20.
Bc6 Qe6 21. Be3 $16) 20. Bc4 Qb6 21. Be3 Qb2 (21... Qd6 22. Bxa6 Qxa6 23. Nc4
$16) 22. Bxa6 Bxa6 23. Qb3 Qxb3 (23... Rb8 24. Qxb2 Rxb2 25. Nc4 Bxc4 26. Rxc4
$16) 24. Nxb3 Bb5 25. Ra5 c6 26. Nc5 Rd8 (26... Be7 27. Rea1 $16) 27. h4 Ne6 (
27... Nh7 28. g3 $16) 28. Nxe6 fxe6 29. h5 Be7 (29... Kf7 30. Ra7+ Kf8 31. Rea1
$16) 30. Rea1 Bb4 31. Ra8 Rxa8 32. Rxa8+ Kf7 33. Ra7+ Kf8 34. Kh2 Kg8 35. f3
Kf8 $18 (35... Bc3 $142 36. Rd7) 36. Bb6 Bd6 37. Bc7 Bxc7 38. Rxc7 Ba4 39. g4
Bb5 40. Kg3 Ba4 41. Rd7 Kg8 42. Re7 Bb3 43. Ra7 Bc4 (43... c5 44. Kf2 $18) 44.
g5 hxg5 45. Kg4 Be2 46. Re7 (46. Kxg5 Bxf3 47. Re7 Bxe4 48. Rxe6 Bd5 49. Rxe5
Kf7 $14) 46... Bc4 47. Kxg5 Kf8 48. Rc7 Be2 49. Kg6 Ke8 50. Rf7 $1 1-0

[Event "Moscow4"]
[Site "Moscow"]
[Date "1992.??.??"]
[Round "?"]
[White "Rausis, Igors"]
[Black "Sokolovs, Andrei"]
[Result "1-0"]
[WhiteElo "2460"]
[BlackElo "2435"]
[Annotator "Blatny,P"]
[PlyCount "77"]
[EventDate "1992.??.??"]
[EventType "tourn"]
[EventRounds "11"]
[EventCountry "RUS"]
[EventCategory "7"]
[SourceTitle "CBM 030"]
[Source "ChessBase"]
[SourceDate "1992.10.01"]
[SourceVersion "1"]
[SourceVersionDate "1992.10.01"]
[SourceQuality "1"]

1. e4 c5 2. c3 g6 3. d4 cxd4 4. cxd4 Bg7 5. Nc3 d6 6. Be3 Nf6 7. f3 O-O 8. Qd2
Nc6 9. O-O-O $5 Bd7 $6 (9... a6 $5 10. Kb1 b5 $132 {<<}) (9... d5 10. e5 Ne8 {
/\f6}) 10. Kb1 Qa5 $6 11. Nge2 b5 12. Nc1 $1 $14 b4 13. N3e2 Rfc8 14. g4 Qd8
15. g5 Ne8 (15... Nh5 $2 16. Ng3 $40) 16. h4 d5 17. h5 $1 (17. exd5 $2 Bf5+ 18.
Ka1 Qxd5 $17) 17... e5 18. hxg6 hxg6 19. Nb3 (19. dxe5 $2 Nxe5 {><c4,f3}) 19...
dxe4 20. fxe4 exd4 21. Nexd4 Qe7 (21... Bg4 $142 22. Be2 (22. Rc1 Ne5 $13)
22... Bxe2 23. Qxe2 Qe7 24. Rh4 {/\Rdh1,Qh2->}) 22. Rh4 Ne5 23. Ba6 Rd8 (23...
Nc4 24. Bxc4 Rxc4 25. Rdh1 {/\Qh2+-}) 24. Qg2 $1 (24. Rdh1 Ng4 $13) 24... Nc7
25. Be2 Ne6 26. Rdh1 f6 (26... Rac8 $2 27. Qh2 $18) (26... Qd6 27. Qh2 Kf8 28.
Nxe6+ Qxe6 $8 29. Bc5+ Ke8 30. Rh8+ $18) 27. Nf5 $1 Qf8 (27... gxf5 28. Rh8+ $1
Bxh8 (28... Kf7 29. g6+ Nxg6 30. Qxg6+ $1 Kxg6 31. Bh5#) 29. gxf6+ $18) 28.
Nxg7 Qxg7 29. Nd4 Nf7 (29... Nxd4 $2 30. Bxd4 Re8 $8 31. gxf6 Qxf6 32. Bc4+ Kf8
33. Bc5+ $18) 30. Bc4 $18 fxg5 31. Rh7 Qe5 32. Bd5 (32. Rxf7 $2 Kxf7 33. Rh7+
Ke8 $13) 32... Rf8 33. Qh3 Rae8 34. Nf3 g4 (34... Qf6 35. Bd4 $18) 35. Qxg4 Qf6
36. Qh3 Bc8 37. Bd4 Nfg5 (37... Nxd4 38. Rh8+) 38. Bxf6 Nxh3 39. Rg7+ 1-0

[Event "Dortmund-A"]
[Site "Dortmund"]
[Date "1991.??.??"]
[Round "8"]
[White "Schmittdiel, Eckhard"]
[Black "Georgiev, Kiril"]
[Result "0-1"]
[WhiteElo "2485"]
[BlackElo "2585"]
[Annotator "Blatny,P"]
[PlyCount "60"]
[EventDate "1991.03.23"]
[EventType "tourn"]
[EventRounds "9"]
[EventCountry "GER"]
[EventCategory "12"]
[SourceTitle "CBM 023"]
[Source "ChessBase"]
[SourceDate "1991.08.01"]
[SourceVersion "1"]
[SourceVersionDate "1991.08.01"]
[SourceQuality "1"]

1. e4 c5 2. c3 d6 3. d4 Nf6 4. Bd3 Qc7 (4... g6 $6 5. dxc5 $1 dxc5 6. e5 Nfd7 (
6... Nd5 7. Be4 $16) (6... Ng4 7. Bb5+ Nc6 (7... Bd7 8. e6 $18) 8. Bxc6+ bxc6
9. Qxd8+ Kxd8 10. f4 $16) 7. e6 fxe6 8. Nf3 Bg7 9. Qe2 O-O 10. h4 $1 Nc6 11.
Nbd2 Nde5 12. Be4 Qd6 {David-Salai,CSFR 1990} 13. Nc4 $1 Nxc4 14. Qxc4 Ne5 (
14... Bd7 15. Be3 b6 16. Rd1 Qc7 17. h5 $18) 15. Nxe5 Qxe5 16. Be3 $16) (4...
cxd4 5. cxd4 g6 (5... e5 6. Nf3 Bg4 7. Qa4+ $14 {Schmittdiel-Minasjan,
Groningen 1990}) 6. Ne2 $14) (4... Nc6 5. Nf3 g6 6. h3 Bg7 7. O-O $14) 5. Nf3 (
5. h3 {/\Be3,Nge2} Nc6 6. Be3 Bd7 7. Nd2 $14 {<->c} g6 8. Ne2) 5... g6 6. O-O
Bg7 7. h3 O-O 8. Re1 Nfd7 9. Bg5 (9. Be3 Nc6 10. Qd2 e5 $10) 9... Nc6 10. e5 $6
(10. d5 Nce5 11. Bxe7 Re8 (11... Nxf3+ 12. gxf3 (12. Qxf3 $4 Ne5 $19) 12... Re8
13. Bg5 Ne5 14. Bf1 (14. h4 h6 15. Bf4 Qe7 16. Bg3 Bf6 $17) 14... f5 15. Nd2 h6
16. Be3 g5 $40 {with strong attack.}) 12. Bg5 f5 $5 13. Bc2 (13. exf5 Nxf3+ 14.
gxf3 Rxe1+ 15. Qxe1 Ne5 16. Be2 (16. Qe2 Nxd3 17. Qxd3 (17. Qe8+ Bf8 18. Bh6
Qf7 19. Qd8 Qxf5 $19) 17... Bxf5 {/\ Qf7,Re8-+ ^^}) 16... Bxf5 $19 {עg1})
13... Nxf3+ 14. Qxf3 (14. gxf3 Ne5 $40 {><h3,f3}) 14... Ne5 $36) (10. Be3 cxd4
11. cxd4 Nb4) 10... cxd4 11. cxd4 dxe5 12. d5 Nc5 $1 13. dxc6 (13. Bf1 Nd4 $17)
13... Rd8 $1 14. cxb7 Bxb7 15. Qc2 Rxd3 16. Nbd2 Rd7 17. Rac1 Rc8 18. Qb1 Qb8
19. Red1 Nd3 20. Rxc8+ Qxc8 21. Ne1 Qc6 22. Ndf3 e4 $19 23. Nxd3 exf3 24. Be3
fxg2 25. Nc5 Qf3 $3 26. Rxd7 Qxh3 27. f3 Qh1+ 28. Kf2 Qxb1 29. Kxg2 Qxb2+ 30.
Rd2 Qxd2+ $1 0-1

[Event "BCF-ch 79th"]
[Site "Plymouth"]
[Date "1992.??.??"]
[Round "9"]
[White "Emms, John M"]
[Black "Mestel, A Jonathan"]
[Result "1-0"]
[WhiteElo "2455"]
[BlackElo "2510"]
[Annotator "Bulletin"]
[PlyCount "75"]
[EventDate "1992.08.??"]
[EventType "swiss"]
[EventRounds "11"]
[EventCountry "ENG"]
[SourceTitle "CBM 030 Extra"]
[Source "ChessBase"]
[SourceDate "1992.11.01"]
[SourceVersion "1"]
[SourceVersionDate "1992.11.01"]
[SourceQuality "1"]

1. e4 c5 2. c3 d6 3. d4 Nf6 4. Bd3 cxd4 5. cxd4 g6 6. Nf3 Bg7 7. O-O O-O 8. h3
Nc6 9. Nc3 e5 10. d5 Nd4 11. Nxd4 exd4 12. Ne2 Re8 13. Ng3 Nd7 14. b3 Qh4 (
14... h5 15. Bb2 h4 16. Ne2 Nc5 $13 {[ /\ 17.f4 f5! ]}) 15. Bb2 Ne5 16. Bxd4 f5
17. Bxe5 $1 {[ By far the most convincing move and a difficult idea to find.
Giving up all the dark squares looks like a very bad idea but Emms gets them
back in a very radical way ]} (17. Bb5 f4 18. Bxe8 Bxh3 $1 $13 {[ Commentary
room ]}) 17... Bxe5 18. exf5 $1 Bxa1 19. Qxa1 Kf7 {[ A sure sign Black is in
desperate straits ]} 20. fxg6+ hxg6 21. Qb1 Bf5 $18 (21... Qf6 22. Ne4 Qe7 23.
f4 Kg7) 22. Nxf5 gxf5 23. Bxf5 Re5 24. Be6+ Kg7 25. Rc1 Rf8 26. g3 Qe4 27. Rc7+
Kg6 28. Qxe4+ Rxe4 29. Rc2 b5 30. Kg2 b4 31. h4 a5 32. f4 Re3 33. f5+ Kg7 34.
g4 Rc3 35. Rf2 Rh8 36. f6+ Kg6 37. g5 Rxh4 38. f7 {[#]} 1-0